000 00446nam a2200169Ia 4500
008 240729s9999 xx 000 0 und d
022 _a2344-6781
245 0 _aExpert Journal of Business and Management
260 _aRomania
260 _bSprint Investify
650 _a Business
650 _a Commerce
650 _aSocial Sciences
856 _uhttps://doaj.org/toc/402fb00e62244bab8b1af8b004e5eccf
942 _2ddc
942 _cDOAJEJ
999 _c70918
_d70918
945 _a1
_bMadushi Gamage
_c1
_dMadushi Gamage